000 00484nam a2200193 a 4500
001 8943
003 CO-ViMGA
008 141112s2004 ck r 000 u spa d
020 _a958601732X
040 _aCO-ViMGA
_bspa
_cCO-ViMGA
082 0 4 _a986.1063 655e
100 1 _aColmenares, German
_99167
245 1 0 _aEnsayos sobre Historiografía.
260 _aBogotá.Tercer mundo1997
300 _a166.p.
650 1 4 _aCOLOMBIA HISTORIA
650 1 4 _aSIGLO XX
_95260
942 _2ddc
_cBK
999 _c20533
_d20533